000 00268nam a22001217a 4500
008 170412b xxu||||| |||| 00| 0 eng d
041 _aeng
080 _a618
100 _a10
101 _ashm
245 _aSURGERY GYNECOLOGY OBSTETRICS
_cDAVIS.L
942 _2udc
_cBK
999 _c10555
_d10555